| 000 | 02706nam0a2200421 i 4500 | ||
|---|---|---|---|
| 001 | RU\NLR\BIBL_A\010578785 | ||
| 005 | 20260406103350.0 | ||
| 010 |
_a9785445103509 _95000 |
||
| 021 |
_aRU _b2016-17266 _91115 |
||
| 021 |
_aRU _b2014-81359 _94960 |
||
| 035 | _a(NILC)RuMoRGB-007573864 | ||
| 035 | _a(NLR Aleph) 010578785 | ||
| 090 |
_a10452943 _c10452943 |
||
| 100 | _a20141226d2014 c y0rusy50 ca | ||
| 101 | 0 | _arus | |
| 102 | _aRU | ||
| 105 | _aa|||z|||000ay | ||
| 200 | 1 |
_aЗа мужество! _e[рассказы о Великой Отечественной войне _eдля дошкольного и младшего школьного возраста _gхудож.: А. Кузнецов, А. Лурье] |
|
| 210 |
_aМосква _cОНИКС-ЛИТ _d2014 |
||
| 215 |
_a18 с. _cцв. ил. _d28 |
||
| 225 | 1 | _aНаграды Великой Отечественной | |
| 327 | 1 | _aСодерж.: Танки против танков; Подвиг сапeра / С. Алексеев. 58 дней в огне / В. Богомолов | |
| 333 | _a6+ | ||
| 464 | 0 |
_12001#$aТанки против танков$fС. Алексеев _1700#1$aАлексеев$bС. П.$cписатель$f1922-2008$gСергей Петрович$3RU\NLR\AUTH\7714334 _tТанки против танков _aАлексеев, Сергей Петрович (писатель ; 1922-2008) |
|
| 464 | 0 |
_12001#$aПодвиг сапeра$fС. Алексеев _1700#1$aАлексеев$bС. П.$cписатель$f1922-2008$gСергей Петрович$3RU\NLR\AUTH\7714334 _tПодвиг сапeра _aАлексеев, Сергей Петрович (писатель ; 1922-2008) |
|
| 464 | 0 |
_12001#$a58 дней в огне$fВ. Богомолов _1700#1$aБогомолов$bВ. М.$f1924-$gВладимир Максимович _t58 дней в огне _aБогомолов, Владимир Максимович (1924-) |
|
| 606 |
_aВеликая Отечественная война _xв детской литературе _z1941 - 1945 _91237112 _3RU\NLR\AUTH\66187478 |
||
| 686 | 0 | _aШ9(2)60=Р7-4я43 | |
| 702 | 1 |
_4040 _7ca _8rus _aКузнецов _bА. М. _cхудожник-иллюстратор _f1961- _gАндрей Михайлович _947149 _3RU\NLR\AUTH\7764220 |
|
| 702 | 1 |
_4040 _7ca _8rus _aЛурье _bА. А. _cхудожник-иллюстратор _f1916-1990 _gАркадий Александрович _971875 _3RU\NLR\AUTH\7788947 |
|
| 801 | 0 |
_aRU _bРГБ _c20141028 _gRCR |
|
| 801 | 1 |
_aRU _bРГБ _c20141028 _2rusmarc |
|
| 942 | _cBOOK | ||
| 980 | _aNBR | ||